Co to za słupki? - Statystyki

Ogólne statystyki
  • Ten quiz został rozwiązany 477 razy
  • Średni wynik to 4 z 16
Statystyki odpowiedzi
Obrazkowy Hint Odpowiedź % Poprawnych
Europa Polska
69%
Europa Francja
60%
Europa Czechy
42%
Europa Austria
32%
Europa Holandia
27%
Europa Turcja
23%
Europa Chorwacja
22%
Europa Belgia
13%
Europa Wielka Brytania
13%
Europa Grecja
12%
Europa Węgry
11%
Europa Bułgaria
10%
Europa Albania
9%
Europa Macedonia Północna
8%
Europa Wyspa Man
8%
Europa Rumunia
5%
Nie znaleziono quizów pasujących do podanych kryteriów
Rozkład punktacji
Procent ludzi z każdym wynikiem
Percentyl według liczby udzielonych odpowiedzi
Twoja historia wyników
Nie rozwiązałeś tego quizu